| 000 -LEADER |
| fixed length control field |
00672nam a22001817a 4500 |
| 020 ## - INTERNATIONAL STANDARD BOOK NUMBER |
| ISBN |
9781032944456 |
| 082 ## - DEWEY DECIMAL CLASSIFICATION NUMBER |
| Classification number |
344.0414 |
| Item number |
B85 2026 |
| 100 ## - MAIN ENTRY--AUTHOR NAME |
| Personal name |
Buka, Paul, author. |
| 245 ## - TITLE STATEMENT |
| Title |
Essential law and ethics in nursing : patients, rights and decision-making / Paul Buka. |
| 250 ## - EDITION STATEMENT |
| Edition statement |
Fourth edition. |
| 260 ## - PUBLICATION, DISTRIBUTION, ETC. (IMPRINT) |
| Place of publication |
Abingdon, Oxon UK: |
| Name of publisher |
Routledge, |
| Year of publication |
©2026. |
| 300 ## - PHYSICAL DESCRIPTION |
| Number of Pages |
1 online resource, xxv, 229 pages. |
| 500 ## - GENERAL NOTE |
| General note |
Includes bibliographical references and index. |
| 650 ## - SUBJECT ADDED ENTRY--TOPICAL TERM |
| Topical Term |
Nursing--Law and legislation--Great Britain. |
| 650 ## - SUBJECT ADDED ENTRY--TOPICAL TERM |
| Topical Term |
Nursing ethics--Great Britain. |
| 650 ## - SUBJECT ADDED ENTRY--TOPICAL TERM |
| Topical Term |
Patients--Patients--Legal status, laws, etc.--Great Britain. |
| 942 ## - ADDED ENTRY ELEMENTS (KOHA) |
| Koha item type |
Electronic Books |